Abhijnana sakumtalam of Kalidasa (Record no. 9939)

MARC details
000 -LEADER
fixed length control field 00604cam a2200229ua 4500
008 - FIXED-LENGTH DATA ELEMENTS--GENERAL INFORMATION
fixed length control field 190801n ii |||gr||||Z||||||mul
020 ## - INTERNATIONAL STANDARD BOOK NUMBER
International Standard Book Number 9788120805569
040 ## - CATALOGING SOURCE
Transcribing agency MAIN
041 ## - LANGUAGE CODE
-- mul
082 ## - DEWEY DECIMAL CLASSIFICATION NUMBER
Classification number 891.2
245 ## - TITLE STATEMENT
Title Abhijnana sakumtalam of Kalidasa
Statement of responsibility, etc. Edited by CR Devadhar
250 ## - EDITION STATEMENT
Edition statement 10 rep.
260 ## - PUBLICATION, DISTRIBUTION, ETC.
Place of publication, distribution, etc. Delhi:
Name of publisher, distributor, etc. Motilal Banarsidass,
Date of publication, distribution, etc. 2015.
300 ## - PHYSICAL DESCRIPTION
Extent 359p.
700 ## - ADDED ENTRY--PERSONAL NAME
Personal name CR Devadhar,
Relator term
700 ## - ADDED ENTRY--PERSONAL NAME
Personal name NG Suru,
Relator term
700 ## - ADDED ENTRY--PERSONAL NAME
Personal name Kalidasa,
Relator term
942 ## - ADDED ENTRY ELEMENTS (KOHA)
Koha item type Books
653 ## - INDEX TERM--UNCONTROLLED
Uncontrolled term East Indo-European & Celtic literatures
653 ## - INDEX TERM--UNCONTROLLED
Uncontrolled term Sanskrit literature
Holdings
Withdrawn status Lost status Damaged status Not for loan Home library Current library Shelving location Date acquired Total Checkouts Full call number Barcode Date last seen Date last checked out Copy number Price effective from Koha item type
        Central Library, Naharkatiya College Central Library, Naharkatiya College General Stacks 19/09/2020 2 891.2Indian writing in English | ABH 28090 30/04/2026 24/03/2026 1 19/09/2020 Books
        Central Library, Naharkatiya College Central Library, Naharkatiya College General Stacks 19/09/2020 4 891.2Indian writing in English | ABH 28091 27/04/2026 24/03/2026 2 19/09/2020 Books

Naharkatiya College © 2020. All rights reserved.

Powered By